Conurbación La Serena-Coquimbo.

Guardat en:
Dades bibliogràfiques
Autor principal: Véliz Cantuarias, Guido (autor)
Format: Llibre
Idioma:espanyol
Publicat: La Serena, Chile: Universidad de La Serena; Facultad de Humanidades, 1995.
Matèries:
Etiquetes: Afegir etiqueta
Sense etiquetes, Sigues el primer a etiquetar aquest registre!

MARC

LEADER 00000cam a2200000 a 4500
001 UCC8727
003 CL-VaPUC
005 20241021130416.0
008 190809e19950000cl |||||||||||||||||spa|d
999 |c 374979  |d 374977 
020 |a 965-272 
040 |c Pontificia Universidad Católica de Valparaíso 
082 0 4 |a 307.76983 VEL 1995  |2 21 
100 |a Véliz Cantuarias, Guido  |e autor  |9 603452 
245 1 0 |a Conurbación La Serena-Coquimbo. 
260 |a La Serena, Chile:  |b Universidad de La Serena;  |b Facultad de Humanidades,  |c 1995. 
300 |a 277 páginas: mapas. 
500 |a c. Fondo Budge. Donación del Profesor Sr. Eduardo Cavieres. 05-08-2019. 
583 |a last modification  |c 20190809 11:18:00  |k Rodrigo Vera 
651 |a La Serena, Chile  |x Núcleos urbanos   |x Urbanismo  |9 892536 
942 |c BK  |2 ddc 
945 |d 20190809 11:18:00  |a dcastane 
952 |0 0  |1 0  |3 erb  |4 0  |6 307_769830000000000_VEL_1995  |7 0  |8 X  |9 493765  |a FDOBUD  |b FDOBUD  |i 5595347  |o 307.76983 VEL 1995  |p 5595347  |r 2019-11-24  |w 2019-11-24  |y BK_X  |z Catalogado en:20190809  |k BUD